000 00213nam a2200085Ia 4500
008 120527s9999 xx 000 0 und d
100 _aThorne & Giesen
245 _aStatistics for the behaviour sciences
942 _cBK
999 _c27531
_d27531